رحلة بالداسار: رواية/ (Record no. 6627)
[ view plain ]
| 000 -LEADER | |
|---|---|
| fixed length control field | 00638nam a2200169Ia 4500 |
| 001 - CONTROL NUMBER | |
| control field | 6627 |
| 008 - FIXED-LENGTH DATA ELEMENTS--GENERAL INFORMATION | |
| fixed length control field | 260622s9999 xx 000 0 und d |
| 245 #0 - TITLE STATEMENT | |
| Title | رحلة بالداسار: رواية/ |
| Statement of responsibility, etc. | امين معلوف. ترحجة: روز مخلوف |
| 260 ## - PUBLICATION, DISTRIBUTION, ETC. | |
| Place of publication, distribution, etc. | دمشق؛ |
| Name of publisher, distributor, etc. | ورد للطباعة و النشر و التوضيع؛ |
| Date of publication, distribution, etc. | 2000 |
| 300 ## - PHYSICAL DESCRIPTION | |
| Extent | 413p; |
| Dimensions | 22x14cm |
| 505 ## - FORMATTED CONTENTS NOTE | |
| Formatted contents note | Original title: Le Periple de Baldassare. Author: Amin Maalouf; Tr: Rose Makhlouf |
| 546 ## - LANGUAGE NOTE | |
| Language note | Arabic |
| 650 ## - SUBJECT ADDED ENTRY--TOPICAL TERM | |
| Topical term or geographic name entry element | PJ7501-8517 Arabic literature |
| 655 ## - INDEX TERM--GENRE/FORM | |
| Genre/form data or focus term | Fiction رواية |
| 9 (RLIN) | 9478 |
| 700 ## - ADDED ENTRY--PERSONAL NAME | |
| Personal name | Maalouf, Amin امين معلوف |
| 9 (RLIN) | 9479 |
| 942 ## - ADDED ENTRY ELEMENTS (KOHA) | |
| Koha item type | Book |
| Withdrawn status | Lost status | Damaged status | Not for loan | Collection | Home library | Current library | Date acquired | Total Checkouts | Full call number | Barcode | Date last seen | Price effective from | Koha item type |
|---|---|---|---|---|---|---|---|---|---|---|---|---|---|
| Language and Literature | SAF Reference Library | SAF Reference Library | PJ7501-8517 130.073 | 6627 | 06/22/2026 | 06/22/2026 | Book |